| 000 | 01642cam a22002531a 4500 | ||
|---|---|---|---|
| 999 |
_c128855 _d128855 |
||
| 001 | 15868603 | ||
| 003 | ARRUPE | ||
| 005 | 20190130100642.0 | ||
| 008 | 090814s2008 ie b 000 0 eng d | ||
| 010 | _a 2009293684 | ||
| 020 | _a9781856076296 (pbk.) | ||
| 035 | _a(OCoLC)ocn297148568 | ||
| 040 |
_aBTCTA _cBTCTA _dYDXCP _dMNF _dDLC |
||
| 042 | _alccopycat | ||
| 050 | 0 | 0 |
_aBX2350.65 _b.D66 2008 |
| 100 | 1 |
_aDorr, Donal. _915298 |
|
| 245 | 1 | 0 |
_aSpirituality : _bour deepest heart's desire / _cDonal Dorr. |
| 260 |
_aBlackrock, Co Dublin : _bColumba Press ; _a[Chester Springs, PA] : _bU.S. distributor, Dufour Editions, _c2008. |
||
| 300 |
_a160 p. ; _c22 cm. |
||
| 504 | _aIncludes bibliographical references. | ||
| 505 | 0 | _aInterpersonal spiritual experiences -- Personal spiritual experiences -- Experience of mystery -- A Christian approach to the mystery -- God's Spirit and God's Word -- Reading the signs of the times -- The call of Abraham and our call -- The calls of Moses, Esther, and Judith -- The call of Jesus -- The call of Mary -- A spirituality of intimacy -- Ecological spirituality : contemplative aspect -- Ecological spirituality : active aspect -- A spirituality of human rights -- A spirituality of social justice -- A challenging spirituality -- A spirituality of liberation and reconciliation -- A spirituality for sellers and buyers. | |
| 650 | 0 |
_aSpirituality _xCatholic Church. _944263 |
|
| 906 |
_a7 _bcbc _ccopycat _d2 _encip _f20 _gy-gencatlg |
||
| 942 |
_2lcc _cMONOGRAPH |
||